pays d'Europe - Statistiques

Statistiques générales
  • Ce quiz a été pris 76 fois
  • Le résultat moyen est 41 sur 45
Réponses sur la Carte
Les réponses sont colorées sur une échelle allant du rouge au vert en fonction du pourcentage des utilisateurs qui les ont devinées à leur premier essai. Vous pouvez retrouver ces pourcentages ci-dessous.
 
Statistiques - réponses
Réponse % Correct
france
100%
suisse
100%
allemagne
98%
belgique
98%
espagne
98%
italie
98%
pologne
98%
portugal
98%
royaume uni
98%
irlande
97%
norvege
97%
russie
97%
suede
97%
grece
95%
hongrie
95%
luxembourg
95%
pays bas
95%
danemark
94%
ukraine
94%
finlande
92%
lettonie
92%
estonie
91%
lituanie
91%
monaco
91%
vatican
91%
bielorussie
89%
republique tcheque
89%
roumanie
89%
slovenie
89%
albanie
88%
andorre
88%
islande
88%
kosovo
88%
serbie
88%
slovaquie
88%
autriche
86%
bosnie herzegovine
86%
bulgarie
86%
croatie
86%
liechtenstein
84%
malte
83%
saint marin
83%
macedoine du nord
81%
moldavie
81%
montenegro
81%
Aucun quiz correspondant
Distribution des résultats
% des personnes avec chaque résultat
Percentile par nombre de réponses
Votre historique - résultats
Vous n’avez pas pris ce quiz